লোডিং...
malayala Manorama : Samskara navothanam /
| প্রধান লেখক: | |
|---|---|
| বিন্যাস: | Printed Book |
| ভাষা: | Malayalam |
| প্রকাশিত: |
Kottayam :
Malayala Manorama ,
1988.
|
| LEADER | 00537nam a2200145Ia 4500 | ||
|---|---|---|---|
| 008 | 150624b xxu||||| |||| 00| | mal d | ||
| 082 | |a 079.5483, | ||
| 100 | |a Kunjappa, Moorkoth | ||
| 245 | |c Moorkoth Kunjappa |a malayala Manorama : |b Samskara navothanam / | ||
| 260 | |a Kottayam : |b Malayala Manorama , |c 1988. | ||
| 300 | |a 391 p. | ||
| 546 | |a In Malayalam. | ||
| 942 | |c BK | ||
| 999 | |c 82501 |d 82501 | ||
| 952 | |0 0 |1 0 |4 0 |6 079_000000000000000_5483_KUN_M_M |7 0 |9 82445 |a UL |b UL |c ST1 |d 1998-08-28 |l 2 |o 079.5483, KUN/M M |p 64175 |r 2017-01-21 |s 2016-10-24 |w 2012-10-27 |y BK | ||